01602nam a22002537a 45000010005000000030006000050050017000110080041000280200018000690400029000870500014001160820008001301000035001382450062001732500029002352600029002643000022002935200819003156500027011346500032011619420015011939990015012089520125012234659FISKH20240919103659.0240919b cb ||||| |||| 00| 0 eng d a9780802429865 aFISKHbengcFISKHdFISKH aBV3427.A9 2200 aAylward, Gladysd(1902–1970) aThe little woman / cGladys Aylward with Christine Hunter aPrinting edition in 1974 aChicago :bMoody,c1974. a153 pages :c18cm aBiography & Autobiography. Religion & Spirituality. Nonfiction. HTML: A solitary woman. A foreign country. An unknown language. An impossible dream? No. With no mission board to support or guide her, and less than ten dollars in her pocket, Gladys Aylward left her home in England to answer God's call to take the message of the gospel to China. With the Sino-Japanese War waging around her, she struggled to bring the basics of life and the fullness of God to orphaned children. Time after time, God triumphed over impossible situations, and drew people to Himself. The Little Woman tells the story of one woman's determination to serve God at any cost. With God all things are possible! A true story of a determined missionary, Gladys Aylward : The Little Woman will challenge you to bold and expectant faith.  2MissionsaMissionaries 2Gladys AylwardaBiographies 2ddccBKn0 c4659d4659 00102ddc40708FICa001b001cSBSd2024-09-19l0oAYL 200 BV3427.A9p2024-2029r2024-09-19 10:36:52t1w2024-09-19yBK